书目信息 |
| 题名: |
钱基博
|
|
| 作者: | 钱基博 , 钱基博 著 | |
| 分册: | ||
| 出版信息: | 长春 吉林出版集团股份有限公司 2016 |
|
| 页数: | 202页 | |
| 开本: | 24cm | |
| 丛书名: | 中国学术名著丛书典藏 | |
| 单 册: | ||
| 中图分类: | Z126.276 , Z126 | |
| 科图分类: | ||
| 主题词: | 经籍--研究--中国--民国 | |
| 电子资源: | ||
| ISBN: | 978-7-5581-0868-6 | |
| 000 | 00995oam2 2200277 450 | |
| 001 | 1670287396 | |
| 005 | 20160804023107.0 | |
| 010 | @a978-7-5581-0868-6@dCNY28.80 | |
| 100 | @a20160725d2016 em y0chiy50 ea | |
| 101 | 0 | @achi |
| 102 | @aCN@b220000 | |
| 105 | @ay z 000yy | |
| 106 | @ar | |
| 200 | 1 | @a钱基博@9qian ji bo@e古籍举要@f钱基博著@Fqian ji bo zhu |
| 210 | @a长春@c吉林出版集团股份有限公司@d2016 | |
| 215 | @a202页@d24cm | |
| 225 | 1 | @a中国学术名著丛书典藏@f杜小北主编 |
| 330 | @a本书为钱基博所撰有关中国古代典籍著作,原书名《后东塾读书记》,乃钱基博教书读《东塾读书记》时随记而成的。本书共分十七卷,主要内容包括孝经、论语、孟子、周易、尚书、诗、周礼、仪礼、礼记、春秋、小学、诸子、西汉、郑学、三国、朱子。 | |
| 461 | 0 | @12001 @a中国学术名著丛书典藏 |
| 517 | 1 | @a古籍举要@9gu ji ju yao |
| 606 | 0 | @a经籍@x研究@y中国@z民国 |
| 690 | @aZ126.276@v5 | |
| 690 | @aZ126@v4 | |
| 701 | 0 | @a钱基博@9qian ji bo@4著 |
| 701 | 0 | @a钱基博@Aqian ji bo@4著 |
| 905 | @aBZT@dZ126@e7 | |
| 钱基博:古籍举要/钱基博著.-长春:吉林出版集团股份有限公司,2016 |
| 202页;24cm.-(中国学术名著丛书典藏/杜小北主编) |
| ISBN 978-7-5581-0868-6:CNY28.80 |
| 本书为钱基博所撰有关中国古代典籍著作,原书名《后东塾读书记》,乃钱基博教书读《东塾读书记》时随记而成的。本书共分十七卷,主要内容包括孝经、论语、孟子、周易、尚书、诗、周礼、仪礼、礼记、春秋、小学、诸子、西汉、郑学、三国、朱子。 |
| ● |
| 相关链接 |
|
|
|
正题名:钱基博
索取号:Z126/7
 
预约/预借
| 序号 | 登录号 | 条形码 | 馆藏地/架位号 | 状态 | 备注 |
| 1 | 808609 | 2000808609 | 第二书库/ [索取号:Z126/7] | 在馆 | |
| 2 | 808610 | 2000808610 | 第二书库/ [索取号:Z126/7] | 在馆 | |
| 3 | 808611 | 2000808611 | 第二书库/ [索取号:Z126/7] | 在馆 |